000 00627nam a22002057a 4500
001 85690
003 BD-RjUL
005 20250910165814.0
008 250910s1946 p ||||| |||| 00| 0 urd d
035 _a(BD-RjUL)85690
040 _aBD-RjUL
_beng
_cBD-RjUL
041 _aurd
082 _223
_a891.43915
_bJAT 1946
100 _aجالندھری، حفیظ ;; Jalandhari, Hafeez
_916856
245 1 0 _a تلخابہ شیریں ;;; talkhabah shairin /
_cHafeez Jalandhari ;; حفیظ جالندھری
260 _aLahore :
_bMazlis i Urdu,
_c1946
300 _a304 p.;
_c17 cm
650 _apoetry
942 _2ddc
_cBK
999 _c85690
_d85690